| 000 | 01648nam a2200385 a 4500 | ||
|---|---|---|---|
| 001 | ebr10271565 | ||
| 003 | CaPaEBR | ||
| 006 | m u | ||
| 007 | cr cn||||||||| | ||
| 008 | 060918s2006 enka sb 001 0deng | ||
| 010 | _z 2006030801 | ||
| 015 |
_aGBA669678 _2bnb |
||
| 016 | 7 |
_z013531568 _2Uk |
|
| 020 | _z0199267065 (alk. paper) | ||
| 020 | _z9780199267064 (alk. paper) | ||
| 040 |
_aCaPaEBR _cCaPaEBR |
||
| 035 | _a(OCoLC)252629672 | ||
| 043 | _ae-uk--- | ||
| 050 | 1 | 4 |
_aUH258.4 _b.A38 2006eb |
| 082 | 0 | 4 |
_a616.9/8023094109034 _222 |
| 245 | 0 | 0 |
_aAdvancing with the army _h[electronic resource] : _bmedicine, the professions, and social mobility in the British Isles, 1790-1850 / _cMarcus Ackroyd ... [et al.]. |
| 260 |
_aOxford ; _aNew York : _bOxford University Press, _c2006. |
||
| 300 |
_axv, 393 p. : _bill. |
||
| 504 | _aIncludes bibliographical references (p. [361]-376) and index. | ||
| 533 |
_aElectronic reproduction. _bPalo Alto, Calif. : _cebrary, _d2013. _nAvailable via World Wide Web. _nAccess may be limited to ebrary affiliated libraries. |
||
| 650 | 0 |
_aMedicine, Military _zGreat Britain _xHistory _y19th century. |
|
| 650 | 0 |
_aSocial mobility _zGreat Britain _xHistory _y19th century. |
|
| 650 | 0 |
_aPhysicians _zGreat Britain _vBiography. |
|
| 650 | 0 |
_aNapoleonic Wars, 1800-1815 _xMedical care _zGreat Britain. |
|
| 651 | 0 |
_aGreat Britain _xHistory, Military _y1789-1820. |
|
| 655 | 7 |
_aElectronic books. _2local |
|
| 700 | 1 | _aAckroyd, Marcus. | |
| 710 | 2 | _aebrary, Inc. | |
| 856 | 4 | 0 |
_uhttp://site.ebrary.com/lib/rucke/Doc?id=10271565 _zAn electronic book accessible through the World Wide Web; click to view |
| 999 |
_c22260 _d22260 |
||